5 najlepszych klubów piłkarskich z każdego województwa - Statystyki

Ogólne statystyki
  • Ten quiz został rozwiązany 1 091 razy
  • Średni wynik to 28 z 81
Statystyki odpowiedzi
Województwo Odpowiedź % Poprawnych
Mazowieckie Legia Warszawa
95%
Wielkopolskie Lech Poznań
80%
Pomorskie Lechia Gdańsk
79%
Pomorskie Arka Gdynia
77%
Zachodniopomorskie Pogoń Szczecin
74%
Mazowieckie Wisła Płock
73%
Małopolskie Wisła Kraków
72%
Łódźkie ŁKS Łódź
71%
Małopolskie Cracovia
69%
Dolnośląskie Śląsk Wrocław
69%
Mazowieckie Radomiak Radom
68%
Łódźkie Widzew Łódź
67%
Wielkopolskie Warta Poznań
66%
Dolnośląskie Zagłębie Lubin
65%
Śląskie Górnik Zabrze
64%
Świętokrzyskie Korona Kielce
63%
Opolskie Odra Opole
61%
Śląskie Piast Gliwice
59%
Lubleskie Motor Lublin
58%
Śląskie Raków Częstochowa
55%
Podlaskie Jagielonia Białystok
53%
Dolnośląskie Miedź Legnica
53%
Warmińsko-Mazurskie Stomil Olsztyn
51%
Podkarpackie Stal Mielec
50%
Kujawsko-Pomorskie Zawisza Bydgoszcz
50%
Podkarpackie Stal Rzeszów
49%
Podkarpackie Resovia Rzeszów
48%
Śląskie Zagłębie Sosnowiec
48%
Lubleskie Górnik Łęczna
46%
Kujawsko-Pomorskie Elana Toruń
45%
Małopolskie Termalica Nieciecza
42%
Śląskie Podbeskidzie Bielsko-Biała
41%
Małopolskie Sandecja Nowy Sącz
40%
Mazowieckie Znicz Pruszków
40%
Podlaskie Wigry Suwałki
39%
Łódźkie GKS Bełchatów
38%
Mazowieckie Pogoń Siedlce
36%
Zachodniopomorskie Kotwica Kołobrzeg
35%
Warmińsko-Mazurskie Olimpia Elbląg
35%
Kujawsko-Pomorskie Olimpia Grudziądz
33%
Dolnośląskie Chrobry Głogów
32%
Wielkopolskie KKS Kalisz
32%
Pomorskie Chojniczanka Chojnice
31%
Lubuskie Lechia Zielona Góra
31%
Podkarpackie Stal Stalowa Wola
29%
Małopolskie Garbarnia Kraków
28%
Zachodniopomorskie Błękitni Stargard
26%
Podkarpackie Siarka Tarnobrzeg
25%
Świętokrzyskie KSZO Ostrowiec
24%
Lubleskie Wisła Puławy
23%
Pomorskie Bytovia Bytów
21%
Pomorskie Gryf Wejherowo
20%
Zachodniopomorskie Gwardia Koszalin
19%
Lubuskie Stilon Gorzów
18%
Lubleskie Hetman Zamość
17%
Opolskie MKS Kluczbork
15%
Świętokrzyskie Wisła Sandomierz
15%
Lubleskie Avia Świdnik
13%
Wielkopolskie Górnik Konin
11%
Lubuskie Warta Gorzów
11%
Zachodniopomorskie Świt Skowlin
9%
Podlaskie Olimpia Zambrów
8%
Łódźkie Pelikan Łowicz
8%
Wielkopolskie Polonia Środa Wielkopolska
8%
Warmińsko-Mazurskie Concordia Elbląg
6%
Opolskie Stal Brzeg
6%
Opolskie Chemik Kędzierzyn-Koźle
5%
Świętokrzyskie Granat Skarżysko-Kam.
5%
Kujawsko-Pomorskie Chemik Bydgoszcz
4%
Lubuskie Czarni Żagań
4%
Dolnośląskie KS Polkowice
4%
Świętokrzyskie Naprzód Jędrzejów
4%
Opolskie Ruch Zdzieszowice
4%
Wielkopolskie Sokół Kleczew
4%
Warmińsko-Mazurskie Huragan Morąg
3%
Lubuskie Polonia Słubice
3%
Łódźkie Sokół Aleksandrów Łódzki
3%
Podlaskie Warmia Grajewo
3%
Kujawsko-Pomorskie Wda Świecie
3%
Podlaskie KS Wasilków
2%
Warmińsko-Mazurskie Znicz Biała Piska
2%
Nie znaleziono quizów pasujących do podanych kryteriów
Rozkład punktacji
Procent ludzi z każdym wynikiem
Percentyl według liczby udzielonych odpowiedzi
Twoja historia wyników
Nie rozwiązałeś tego quizu